000 00823cam a2200265 a 4500
001 000009558
005 20200929161626.0
008 890830s1980 sp 000 d spa d
020 _a8437602270
035 _a(DLC) 89872170
040 _aDO-SdBNP
_cDLC
_dDLC
082 _a862.3
_bM671e
100 1 _aMira de Amescua, Antonio,
_d1574-1644
_924393
245 1 3 _aEl esclavo del demonio /
_cMira de Amescua ; edición de James Agustín Castañeda.
260 _aMadrid :
_bCátedra,
_c1980.
300 _a186 p. ;
_c18 cm.
490 1 _aLetras hispánicas
_v113
650 4 _aTeatro español
_93071
650 4 _aLiteratura española
_9632
700 1 _aCastañeda, Agustín James,
_eed.
_924394
830 0 _aLetras hispánicas ;
_v113
_94208
910 _aCatalogación por copia / LC
910 _aWM
049 _aBNGR
999 _c9318
_d9318